00219nam a2200085Ia 4500008004100000245004800041260001600089440000600105521002200111140130s9999 xx 000 0 und d cRoyston, AngelaaInsect and crawly creature bScholastic, v1 aGrade 3 - Grade 4